000 00733nam a2200241 i 4500
001 C2-0110561
003 PPAK
005 20180727103041.0
008 970622s1995 my a|||| ||||| | eng d
020 _a9837201460
040 _aPPAK
_beng
_cPPAK
_erda
082 0 4 _a658.3125
_223
090 0 0 _a658.3125
_bMAG
_dG
100 1 _aMager, Robert F.,
_eauthor
245 1 0 _aDeveloping attitude toward learning :
_bor SMATs 'n' SMUTs
264 1 _aKuala Lumpur :
_bGolden Book Centre ,
_c1995
300 _ax, 116 pages :
_billustrations ;
_c23 cm
336 _2rdacontent
_atext
337 _2rdamedia
_aunmediated
338 _2rdacarrier
_avolume
650 1 0 _aAchievement motivation. ; Learning, Psychology of.
942 _ddc
_cB
999 _c27332
_d27332